La creación de una sociedad del aprendizaje / (Registro nro. 29742)
[ vista simple ]
| 000 -LEADER | |
|---|---|
| fixed length control field | 01172nam a22002777a 4500 |
| 003 - CONTROL NUMBER IDENTIFIER | |
| control field | OSt |
| 005 - DATE AND TIME OF LATEST TRANSACTION | |
| control field | 20220829173146.0 |
| 008 - FIXED-LENGTH DATA ELEMENTS--GENERAL INFORMATION | |
| fixed length control field | 220829t2015 ck ||||f |||| 00| s spa d |
| 020 ## - INTERNATIONAL STANDARD BOOK NUMBER | |
| International Standard Book Number | 9789584246158 |
| 020 ## - INTERNATIONAL STANDARD BOOK NUMBER | |
| International Standard Book Number | 9584246151 |
| 040 ## - CATALOGING SOURCE | |
| Original cataloging agency | CO-JMCR |
| Transcribing agency | CO-JMCR |
| 041 1# - LANGUAGE CODE | |
| Language code of text/sound track or separate title | spa |
| Language code of original | eng |
| 082 ## - DEWEY DECIMAL CLASSIFICATION NUMBER | |
| Classification number | 302.072 |
| Item number | S733c |
| 100 ## - MAIN ENTRY--PERSONAL NAME | |
| Personal name | Stiglitz, Joseph E., |
| Relator term | autor |
| 9 (RLIN) | 3808 |
| 245 13 - TITLE STATEMENT | |
| Title | La creación de una sociedad del aprendizaje / |
| Statement of responsibility, etc. | Joseph E. Stiglitz y Bruce C. Greenwald |
| 260 ## - PUBLICATION, DISTRIBUTION, ETC. | |
| Place of publication, distribution, etc. | Bogotá : |
| Name of publisher, distributor, etc. | Crítica, |
| Date of publication, distribution, etc. | 2015 |
| 300 ## - PHYSICAL DESCRIPTION | |
| Extent | 556 páginas ; |
| Dimensions | 24 cm. |
| 440 0# - SERIES STATEMENT/ADDED ENTRY--TITLE | |
| Title | Serie de Conferencias Kenneth J. Arrow |
| 9 (RLIN) | 42347 |
| 500 ## - GENERAL NOTE | |
| General note | Título original: Creating a lerning society: a new approach to growth, development, and social progress. |
| 505 0# - FORMATTED CONTENTS NOTE | |
| Formatted contents note | Parte uno: la creación de una sociedad del aprendizaje: un nuevo enfoque hacia el crecimiento, el desarrollo y el progreso social: conceptos básicos y análisis -- Parte dos: políticas para una sociedad del aprendizaje. |
| 546 ## - LANGUAGE NOTE | |
| Language note | Traducido del inglés. |
| 650 1# - SUBJECT ADDED ENTRY--TOPICAL TERM | |
| Topical term or geographic name entry element | Economia del aprendizaje |
| 9 (RLIN) | 42348 |
| 650 1# - SUBJECT ADDED ENTRY--TOPICAL TERM | |
| Topical term or geographic name entry element | Sociedad del aprendizaje |
| 9 (RLIN) | 42349 |
| 700 1# - ADDED ENTRY--PERSONAL NAME | |
| Personal name | Greenwald, Bruce C., |
| Relator term | autor |
| 9 (RLIN) | 42350 |
| 942 ## - ADDED ENTRY ELEMENTS (KOHA) | |
| Source of classification or shelving scheme | Dewey Decimal Classification |
| Koha item type | Books |
| Withdrawn status | Lost status | Source of classification or shelving scheme | Damaged status | Not for loan | Home library | Current library | Shelving location | Date acquired | Source of acquisition | Total Checkouts | Full call number | Barcode | Date last seen | Copy number | Price effective from | Koha item type |
|---|---|---|---|---|---|---|---|---|---|---|---|---|---|---|---|---|
| Dewey Decimal Classification | Biblioteca Pública José María del Castillo y Rada | Biblioteca Pública José María del Castillo y Rada | Processing Center | 08/29/2022 | Donación | 302.072 / S733c | 430000338 | 05/16/2024 | Ej. 1 | 08/29/2022 | Books |